Pequenas bibliotecas (Record no. 45438)

MARC details
000 -Etiqueta do registo
Valores 00609cam a2200181 4500
100 ## - Dados gerais de processamento
Dados gerais 19880915d1946 km y0pory5003 ba
101 0# - Língua de publicação
Língua por
102 ## - País de publicação
País PT
200 1# - Titulo e menção de responsabilidade
Título próprio Pequenas bibliotecas
Informação de outro título como as organizar modernamente e como utilizá-las
Primeira menção de responsabilidade Ema Quintas Alves
210 #9 - Publicação
Local de publicação Lisboa
Nome do editor edições Cosmos,
Data de publicação imp. 1946
215 ## - Descrição física 
Paginação / Volumes 145, [2] p.
Outras indicações físicas il., 8 p. de estampas
Dimensões 20 cm
225 2# - Colecção 
Título próprio da colecção Biblioteca Cosmos
Indicação de volume 111
Número de parte ou secção 1,
Nome de parte ou secção Ciências e técnicas.
-- Ciência psicológicas e sociológicas
Indicação de volume 53
675 ## - CDU
Notação 02(023)
Edição med
Língua por
700 #1 - Autor principal
Apelido Alves,
Nome Ema Quintas
801 #0 - Fonte de origem
País PT
Agência BN
Regras de catalogação RPC
990 ## - Elementos KOHA
Tipo de documento Livro

No items available.

Powered by Koha